The Developmental Effectiveness of Remittances: Case Study on Huedin Town, Romania (Record no. 8704)

MARC details
000 -LEADER
fixed length control field 02100nam a22002777u 4500
001 - CONTROL NUMBER
control field pwiiw3244
003 - CONTROL NUMBER IDENTIFIER
control field OSt
005 - DATE AND TIME OF LATEST TRANSACTION
control field 20260517120328.0
008 - FIXED-LENGTH DATA ELEMENTS--GENERAL INFORMATION
fixed length control field 060710t2006 au ||||| |||| 00| ||eng d
040 ## - CATALOGING SOURCE
Transcribing agency OSt
041 ## - LANGUAGE CODE
Language code of text/sound track or separate title eng
084 ## - OTHER CLASSIFICATION NUMBER
Classification number F22
-- O15
-- O16
Number source jelc
100 1# - MAIN ENTRY--PERSONAL NAME
Personal name Pop, Daniel
245 10 - TITLE STATEMENT
Title The Developmental Effectiveness of Remittances: Case Study on Huedin Town, Romania
260 ## - PUBLICATION, DISTRIBUTION, ETC.
Place of publication, distribution, etc. Wien :
Name of publisher, distributor, etc. Wiener Institut für Internationale Wirtschaftsvergleiche (wiiw),
Date of publication, distribution, etc. 2006.
490 1# - SERIES STATEMENT
Series statement wiiw Balkan Observatory Working Papers
Volume/sequential designation 64
520 ## - SUMMARY, ETC.
Summary, etc. Relying on survey data from Huedin, a town in Romania, we seek to provide an empirical evidence for the hypothesis according to which remittances could have either a positive or negative developmental impact at community level. For this, we inquire about the perceptions of migratory processes with focus on the possible effects of remittances in the local economy. Our first finding is that residents share a common view on the reasons of migration, namely that it has been triggered by the large pay levels that exists between the level of local and the Western European labor markets and that migration opportunity was enhanced by the lifting of visa requirements for Schengen countries. We have also found that remittances constitute a significant source of liquidity inflow and that the ways in which repatriated earnings were spent have influenced the performance of the local economy. We conclude that a reinterpretation of migration is required in order to capture the investment and entrepreneurial aspects of the phenomenon. In the formal model proposed in Appendix 2, we make a first attempt to conceptualise migration as a sector of the local economy in which migrants are entrepreneurs, who invest in migration activities to produce the composite commodity remittance.
650 ## - SUBJECT ADDED ENTRY--TOPICAL TERM
Topical term or geographic name entry element Remittances
650 ## - SUBJECT ADDED ENTRY--TOPICAL TERM
Topical term or geographic name entry element migration
650 ## - SUBJECT ADDED ENTRY--TOPICAL TERM
Topical term or geographic name entry element development
650 ## - SUBJECT ADDED ENTRY--TOPICAL TERM
Topical term or geographic name entry element Romania
651 ## - SUBJECT ADDED ENTRY--GEOGRAPHIC NAME
Geographic name Romania
830 #0 - SERIES ADDED ENTRY--UNIFORM TITLE
Volume/sequential designation 64
Bibliographic record control number WIIW0000140
Title of a work wiiw Balkan Observatory Working Papers
856 40 - ELECTRONIC LOCATION AND ACCESS
Uniform Resource Identifier <a href="https://wiiw.ac.at/p-3244.html">https://wiiw.ac.at/p-3244.html</a>
942 ## - ADDED ENTRY ELEMENTS (KOHA)
Koha item type Paper
Source of classification or shelving scheme Other/Generic Classification Scheme
Holdings
Withdrawn status Lost status Damaged status Not for loan Home library Current library Shelving location Date acquired Inventory number Total Checkouts Full call number Barcode Date last seen Price effective from Koha item type
        WIIW WIIW Library 07/10/2006 pwiiw3244   64 1000010003244 07/10/2006 02/05/2019 Paper
The Vienna Instiute for International Economic Studies (wiiw)